000 01331nam0a2200313 4500
001 RU\NLR\BIBL_A\012823646
005 20250627114938.0
035 _a(NLR Aleph) 012823646
090 _a13310170
_c13310170
100 _a20220621d1923 |||y0rusy50 ca
101 0 _acrh
102 _aRU
105 _ay z 000 y
181 0 _ai
_baxxe
182 0 _an
200 1 _aУнутмайджакъ
_e[икяе]
_fЧатыртавлы
203 _aТекст
_bвизуальный
_cнепосредственный
210 _aАкъмесджит
_c1-я Гос. типо-литогр."Крымполиграфтреста"
_d1923
215 _a21 с.
_d22
300 _aАвт. установлен по кн.: Деятели крымскотатарской культуры (1921-1944 гг.): биобиблиогр. слов./сост. Д. П. Урсу. - Симферополь, 1999.
300 _aАраб. графика.
325 1 _aКопия доступна в электронной библиотеке РНБ.
541 1 _a[Не забудется
_eрассказ].
_zrus
686 1 _aШ6(2=К.-тат.)7-4
700 1 _4070
_7ca
_8rus
_aОдабаш
_bА.
_f1891-1937
_gАбибулла
_9131240
_3RU\NLR\auth-onl\771185
852 _aNLR
_bОНЛ
_jК.-тат./3-993
942 _cBOOK
980 _aNB